000 00916pam a2200289 a 4500
001 2387298
003 OSt
005 20160421142754.0
008 850827s1986 nyuaf b 001 0 eng
010 _a 85020581
020 _a0716717433
040 _aDLC
_cDLC
_dDLC
050 0 0 _aQE28.2
_b.P7 1986
082 0 0 _a550
_219
_bPRE 1998
100 1 _aPress, Frank,
_d1924-
_98174
245 1 0 _aEarth /
_cFrank Press, Raymond Siever.
250 _a4th ed.
260 _aNew York :
_bW.H. Freeman,
_c1998.
300 _axviii, 656 p., [16] p. of plates :
_bcol.ill;
_c29 cm.
500 _aMap on lining papers.
504 _aIncludes bibliographies and index.
650 0 _aPhysical geology.
_93838
700 1 _aSiever, Raymond.
_98175
856 4 2 _3Publisher description
_uhttp://www.loc.gov/catdir/enhancements/fy1011/85020581-d.html
906 _a7
_bcbc
_corignew
_d1
_eocip
_f19
_gy-gencatlg
942 _2ddc
_cSLOAN
999 _c3682
_d3682